[Event "Deutsche Ländermeisterschaft 2014"]
[Site "Hannover GER"]
[Date "2014.10.05"]
[Round "5"]
[White "Wolterink, Jule"]
[Black "Eulitz, Charlotte"]
[Result "0-1"]
[Termination "normal"]
[Board "9.8"]
[WhiteElo "1003"]
[BlackElo "1469"]
[WhiteTeam "Team Nord"]
[BlackTeam "Mecklenburg-Vorpommern"]
[PlyCount "96"]
[WhiteFideId "12981206"]
[BlackFideId "12964654"]
[EventCountry "GER"]
[EventRounds "7"]
[EventType "team-swiss"]
[EventDate "2014.10.02"]

1. c4 e5 2. Nc3 Nf6 3. g3 c6 4. e3 d5 5. b3 Be6 6. Bb2 Bd6 7. d3 O-O 8. Bg2
Nbd7 9. Nge2 Re8 10. O-O Rc8 11. Qc2 b5 12. Nd1 a6 13. e4 dxe4 14. dxe4 a5 15.
Ne3 Nc5 16. Rfd1 Qc7 17. a3 Red8 18. b4 Na6 19. c5 Be7 20. Bc3 a4 21. Rd2 Bb3
22. Qb2 Rxd2 23. Qxd2 Rd8 24. Qb2 Nd7 25. Nc1 Be6 26. Nd3 f6 27. Rd1 Bf7 28.
Nf5 Nf8 29. Qe2 Bc4 30. Bf3 Ng6 31. Bh5 Kf7 32. Qe3 Bxd3 33. Rxd3 Rxd3 34. Qxd3
Qd8 35. Qc2 Nc7 36. Qa2+ Kf8 37. Kg2 Qd3 38. Qd2 Qxe4+ 39. Bf3 Qxf5 40. Bxc6 e4
41. Bd7 Qf3+ 42. Kg1 Qd3 43. Bf5 Qxd2 44. Bxd2 Ne5 45. Bxe4 Nc4 46. Bf4 Ne6 47.
Bc1 g6 48. Bh6+ Kf7 0-1

[Event "Deutsche Ländermeisterschaft 2014"]
[Site "Hannover GER"]
[Date "2014.10.06"]
[Round "6"]
[White "Hecht, Carsten"]
[Black "Mons, Leon"]
[Result "0-1"]
[Termination "normal"]
[Board "1.2"]
[BlackTitle "IM"]
[WhiteElo "2189"]
[BlackElo "2416"]
[WhiteClock "00:07:38"]
[BlackClock "00:44:28"]
[WhiteTeam "Nordrhein-Westfalen"]
[BlackTeam "Baden 1"]
[PlyCount "116"]
[WhiteFideId "24693928"]
[BlackFideId "4614950"]
[EventCountry "GER"]
[EventRounds "7"]
[EventType "team-swiss"]
[EventDate "2014.10.02"]

1. e4 {[%clk 1:30:58]} e5 {[%clk 1:30:55]} 2. Nf3 {[%clk 1:31:24]} Nc6 {[%clk
1:31:21]} 3. Bb5 {[%clk 1:31:48]} a6 {[%clk 1:31:47]} 4. Bxc6 {[%clk 1:32:12]}
dxc6 {[%clk 1:32:13]} 5. Nc3 {[%clk 1:32:35]} Qd6 {[%clk 1:31:52]} 6. d4 {[%clk
1:27:54]} exd4 {[%clk 1:32:00]} 7. Qxd4 {[%clk 1:23:08]} Qxd4 {[%clk 1:32:20]}
8. Nxd4 {[%clk 1:23:32]} Bd7 {[%clk 1:31:23]} 9. Bf4 {[%clk 1:21:07]} O-O-O
{[%clk 1:31:13]} 10. O-O-O {[%clk 1:18:51]} Ne7 {[%clk 1:30:47]} 11. Bg3 {[%clk
1:15:00]} Ng6 {[%clk 1:26:40]} 12. Rd3 {[%clk 1:00:44]} h5 {[%clk 1:26:13]} 13.
h3 {[%clk 1:00:06]} h4 {[%clk 1:26:29]} 14. Bh2 {[%clk 1:00:27]} Be7 {[%clk
1:24:07]} 15. f4 {[%clk 0:55:34]} Bd6 {[%clk 1:16:11]} 16. e5 {[%clk 0:49:29]}
Bc5 {[%clk 1:15:02]} 17. Ne4 {[%clk 0:47:53]} Bxd4 {[%clk 1:14:36]} 18. Rxd4
{[%clk 0:48:06]} Be6 {[%clk 1:13:23]} 19. Rhd1 {[%clk 0:46:48]} Rxd4 {[%clk
1:12:17]} 20. Rxd4 {[%clk 0:47:12]} Ne7 {[%clk 1:11:48]} 21. Rd2 {[%clk
0:40:09]} Nf5 {[%clk 1:08:50]} 22. Bg1 {[%clk 0:39:06]} b6 {[%clk 1:07:54]} 23.
b3 {[%clk 0:37:34]} Bd5 {[%clk 1:03:33]} 24. Nc3 {[%clk 0:35:57]} Rd8 {[%clk
1:01:51]} 25. a4 {[%clk 0:30:48]} a5 {[%clk 1:01:51]} 26. Nd1 {[%clk 0:27:56]}
Rh8 {[%clk 1:00:42]} 27. Nc3 {[%clk 0:21:56]} Be6 {[%clk 0:59:14]} 28. Ne4
{[%clk 0:21:03]} Rd8 {[%clk 0:57:10]} 29. Rxd8+ {[%clk 0:17:39]} Kxd8 {[%clk
0:57:39]} 30. Ng5 {[%clk 0:16:11]} Ke7 {[%clk 0:57:16]} 31. Nxe6 {[%clk
0:13:52]} Kxe6 {[%clk 0:57:07]} 32. Kd2 {[%clk 0:14:11]} Ne7 {[%clk 0:56:17]}
33. c4 {[%clk 0:12:31]} Kf5 {[%clk 0:56:22]} 34. Ke3 {[%clk 0:11:43]} Ng6
{[%clk 0:54:16]} 35. Bh2 {[%clk 0:11:31]} Nf8 {[%clk 0:53:44]} 36. Bg1 {[%clk
0:05:49]} Ne6 {[%clk 0:53:47]} 37. Kf3 {[%clk 0:04:44]} Nxf4 {[%clk 0:53:37]}
38. Bf2 {[%clk 0:04:53]} Ng6 {[%clk 0:52:25]} 39. Ke3 {[%clk 0:04:20]} c5
{[%clk 0:51:25]} 40. Ke2 {[%clk 0:04:10]} Nf4+ {[%clk 0:49:38]} 41. Kf3 {[%clk
0:04:15]} g5 {[%clk 0:49:33]} 42. Bg1 {[%clk 0:02:46]} Ng6 {[%clk 0:46:38]} 43.
Bh2 {[%clk 0:02:53]} Nxe5+ {[%clk 0:46:52]} 44. Ke3 {[%clk 0:03:12]} Ke6 {[%clk
0:46:27]} 45. Ke4 {[%clk 0:03:24]} f5+ {[%clk 0:46:37]} 46. Ke3 {[%clk
0:03:46]} f4+ {[%clk 0:45:07]} 47. Ke4 {[%clk 0:04:09]} Nc6 {[%clk 0:44:23]}
48. Bg1 {[%clk 0:04:12]} Nd4 {[%clk 0:43:48]} 49. Bxd4 {[%clk 0:04:28]} cxd4
{[%clk 0:44:13]} 50. Kxd4 {[%clk 0:04:52]} Kf5 {[%clk 0:44:36]} 51. Kd5 {[%clk
0:05:00]} g4 {[%clk 0:44:28]} 52. hxg4+ {[%clk 0:05:23]} Kxg4 {[%clk 0:43:17]}
53. Kc6 {[%clk 0:05:48]} f3 {[%clk 0:43:02]} 54. gxf3+ {[%clk 0:06:16]} Kf5
{[%clk 0:43:19]} 55. Kxc7 {[%clk 0:06:34]} h3 {[%clk 0:43:43]} 56. Kxb6 {[%clk
0:06:54]} h2 {[%clk 0:44:04]} 57. c5 {[%clk 0:07:15]} h1=Q {[%clk 0:44:28]} 58.
c6 {[%clk 0:07:38]} Ke6 {[%clk 0:44:28]} 0-1

[Event "Deutsche Ländermeisterschaft 2014"]
[Site "Hannover GER"]
[Date "2014.10.06"]
[Round "6"]
[White "Grunau, Christoph"]
[Black "Kuckling, Hannah"]
[Result "1-0"]
[Termination "normal"]
[Board "1.3"]
[WhiteElo "2126"]
[BlackElo "2024"]
[WhiteClock "00:26:32"]
[BlackClock "00:35:03"]
[WhiteTeam "Baden 1"]
[BlackTeam "Nordrhein-Westfalen"]
[PlyCount "87"]
[WhiteFideId "12929760"]
[BlackFideId "24603660"]
[EventCountry "GER"]
[EventRounds "7"]
[EventType "team-swiss"]
[EventDate "2014.10.02"]

1. e4 {[%clk 1:30:55]} c5 {[%clk 1:30:55]} 2. Nf3 {[%clk 1:31:14]} e6 {[%clk
1:31:19]} 3. d4 {[%clk 1:31:21]} cxd4 {[%clk 1:31:42]} 4. Nxd4 {[%clk 1:31:42]}
Nc6 {[%clk 1:32:07]} 5. Nb5 {[%clk 1:31:43]} d6 {[%clk 1:30:17]} 6. c4 {[%clk
1:31:47]} a6 {[%clk 1:30:11]} 7. N5c3 {[%clk 1:31:18]} Nf6 {[%clk 1:30:02]} 8.
Be2 {[%clk 1:30:01]} Be7 {[%clk 1:30:18]} 9. Be3 {[%clk 1:29:31]} O-O {[%clk
1:29:38]} 10. O-O {[%clk 1:29:15]} Ne5 {[%clk 1:26:00]} 11. Na3 {[%clk
1:27:18]} b6 {[%clk 1:23:48]} 12. f3 {[%clk 1:23:20]} Qc7 {[%clk 1:23:06]} 13.
Rc1 {[%clk 1:21:17]} Bb7 {[%clk 1:22:44]} 14. Qe1 {[%clk 1:20:44]} Rfe8 {[%clk
1:18:45]} 15. Qf2 {[%clk 1:20:09]} Ned7 {[%clk 1:18:34]} 16. Rfd1 {[%clk
1:18:14]} Rac8 {[%clk 1:15:32]} 17. Kh1 {[%clk 1:15:33]} Bd8 {[%clk 1:10:22]}
18. Nab5 {[%clk 0:59:20]} axb5 {[%clk 1:08:22]} 19. Nxb5 {[%clk 0:59:09]} Qb8
{[%clk 1:08:40]} 20. Nxd6 {[%clk 0:59:16]} Bc7 {[%clk 1:08:08]} 21. Nxe8 {[%clk
0:59:03]} Rxe8 {[%clk 1:08:21]} 22. Qg1 {[%clk 0:44:32]} Bc6 {[%clk 0:51:50]}
23. b4 {[%clk 0:39:26]} Nf8 {[%clk 0:49:20]} 24. b5 {[%clk 0:37:09]} Ba8 {[%clk
0:47:26]} 25. c5 {[%clk 0:31:14]} bxc5 {[%clk 0:46:24]} 26. Bxc5 {[%clk
0:30:43]} Nh5 {[%clk 0:36:35]} 27. Ba7 {[%clk 0:23:21]} Bxh2 {[%clk 0:27:29]}
28. Bxb8 {[%clk 0:23:37]} Bxg1 {[%clk 0:27:52]} 29. Kxg1 {[%clk 0:23:54]} Rxb8
{[%clk 0:28:18]} 30. a4 {[%clk 0:23:43]} Nf4 {[%clk 0:26:00]} 31. Bf1 {[%clk
0:22:29]} e5 {[%clk 0:24:16]} 32. Rc2 {[%clk 0:20:34]} N8e6 {[%clk 0:24:06]}
33. g3 {[%clk 0:18:02]} Ng6 {[%clk 0:23:07]} 34. Rdc1 {[%clk 0:14:52]} Bb7
{[%clk 0:23:26]} 35. Kf2 {[%clk 0:14:31]} Nd4 {[%clk 0:21:38]} 36. Rc7 {[%clk
0:12:06]} Nf8 {[%clk 0:20:28]} 37. R7c3 {[%clk 0:06:34]} Ra8 {[%clk 0:17:44]}
38. Rc7 {[%clk 0:03:36]} Nb3 {[%clk 0:13:19]} 39. R1c3 {[%clk 0:03:22]} Na5
{[%clk 0:13:46]} 40. Bc4 {[%clk 0:03:03]} Ne6 {[%clk 0:10:05]} 41. Bxe6 {[%clk
0:01:47]} fxe6 {[%clk 0:10:31]} 42. Re7 {[%clk 0:01:30]} Rf8 {[%clk 0:10:32]}
43. Ke2 {[%clk 0:27:12]} Rf6 {[%clk 0:35:03]} 44. Rcc7 {[%clk 0:26:32]} 1-0

[Event "Deutsche Ländermeisterschaft 2014"]
[Site "Hannover GER"]
[Date "2014.10.06"]
[Round "6"]
[White "Bentel, Robin"]
[Black "Wiesner, Paula"]
[Result "1-0"]
[Termination "normal"]
[Board "1.4"]
[WhiteElo "2054"]
[BlackElo "1985"]
[WhiteClock "00:06:03"]
[BlackClock "00:07:02"]
[WhiteTeam "Nordrhein-Westfalen"]
[BlackTeam "Baden 1"]
[PlyCount "65"]
[WhiteFideId "12918016"]
[BlackFideId "24654019"]
[EventCountry "GER"]
[EventRounds "7"]
[EventType "team-swiss"]
[EventDate "2014.10.02"]

1. e4 {[%clk 1:30:57]} e6 {[%clk 1:30:57]} 2. d3 {[%clk 1:31:23]} d5 {[%clk
1:31:05]} 3. Nd2 {[%clk 1:31:43]} g6 {[%clk 1:29:21]} 4. Ngf3 {[%clk 1:31:55]}
Bg7 {[%clk 1:29:21]} 5. g3 {[%clk 1:32:09]} Ne7 {[%clk 1:26:45]} 6. Bg2 {[%clk
1:32:29]} O-O {[%clk 1:25:35]} 7. O-O {[%clk 1:32:48]} c5 {[%clk 1:24:58]} 8.
Re1 {[%clk 1:32:38]} Nbc6 {[%clk 1:23:25]} 9. e5 {[%clk 1:31:27]} Qc7 {[%clk
1:21:23]} 10. Qe2 {[%clk 1:31:45]} b5 {[%clk 1:09:36]} 11. Nf1 {[%clk 1:30:08]}
Rb8 {[%clk 1:06:43]} 12. Bf4 {[%clk 1:23:44]} d4 {[%clk 0:57:58]} 13. N3d2
{[%clk 1:17:40]} Rd8 {[%clk 0:54:16]} 14. h4 {[%clk 1:10:42]} Nd5 {[%clk
0:50:58]} 15. h5 {[%clk 1:10:21]} Nxf4 {[%clk 0:40:23]} 16. gxf4 {[%clk
1:10:43]} Ne7 {[%clk 0:40:37]} 17. Qg4 {[%clk 1:03:38]} Nf5 {[%clk 0:37:45]}
18. Ne4 {[%clk 0:59:57]} Bb7 {[%clk 0:36:09]} 19. Nfg3 {[%clk 0:58:19]} Bd5
{[%clk 0:34:00]} 20. Qg5 {[%clk 0:49:37]} Kh8 {[%clk 0:26:12]} 21. Nf6 {[%clk
0:33:38]} Bxg2 {[%clk 0:24:59]} 22. Kxg2 {[%clk 0:31:51]} Qe7 {[%clk 0:20:30]}
23. hxg6 {[%clk 0:19:46]} fxg6 {[%clk 0:18:22]} 24. Rh1 {[%clk 0:16:29]} Bxf6
{[%clk 0:17:17]} 25. exf6 {[%clk 0:11:46]} Qf7 {[%clk 0:16:36]} 26. Ne4 {[%clk
0:09:08]} Rbc8 {[%clk 0:15:32]} 27. Rh3 {[%clk 0:07:24]} Rd7 {[%clk 0:14:19]}
28. Rah1 {[%clk 0:07:29]} h5 {[%clk 0:10:13]} 29. Ng3 {[%clk 0:05:06]} Nxg3
{[%clk 0:09:06]} 30. fxg3 {[%clk 0:05:12]} Rd5 {[%clk 0:07:32]} 31. Rxh5+
{[%clk 0:05:15]} gxh5 {[%clk 0:06:39]} 32. Rxh5+ {[%clk 0:05:38]} Qxh5 {[%clk
0:07:02]} 33. Qg7# {[%clk 0:06:03]} 1-0

[Event "Deutsche Ländermeisterschaft 2014"]
[Site "Hannover GER"]
[Date "2014.10.06"]
[Round "6"]
[White "Hartmann, Martin"]
[Black "Savchenko, Daniel"]
[Result "0-1"]
[Termination "normal"]
[Board "1.5"]
[WhiteElo "1864"]
[BlackElo "1784"]
[WhiteClock "00:13:01"]
[BlackClock "00:58:51"]
[WhiteTeam "Baden 1"]
[BlackTeam "Nordrhein-Westfalen"]
[PlyCount "76"]
[WhiteFideId "12911925"]
[BlackFideId "12919195"]
[EventCountry "GER"]
[EventRounds "7"]
[EventType "team-swiss"]
[EventDate "2014.10.02"]

1. e4 {[%clk 1:30:58]} e5 {[%clk 1:30:52]} 2. Nf3 {[%clk 1:31:22]} Nf6 {[%clk
1:31:15]} 3. Nxe5 {[%clk 1:31:37]} d6 {[%clk 1:31:37]} 4. Nf3 {[%clk 1:32:04]}
Nxe4 {[%clk 1:32:00]} 5. Nc3 {[%clk 1:32:28]} Nf6 {[%clk 1:31:59]} 6. d4 {[%clk
1:30:32]} Be7 {[%clk 1:30:30]} 7. Be3 {[%clk 1:27:05]} O-O {[%clk 1:30:45]} 8.
Qd2 {[%clk 1:27:21]} a6 {[%clk 1:30:10]} 9. O-O-O {[%clk 1:25:48]} b6 {[%clk
1:30:12]} 10. Be2 {[%clk 1:24:42]} Bb7 {[%clk 1:30:31]} 11. Rdg1 {[%clk
1:24:26]} c5 {[%clk 1:28:51]} 12. h4 {[%clk 1:15:18]} b5 {[%clk 1:28:31]} 13.
g4 {[%clk 1:03:33]} b4 {[%clk 1:25:25]} 14. Nd1 {[%clk 1:03:43]} Nbd7 {[%clk
1:23:12]} 15. g5 {[%clk 0:50:02]} Ne4 {[%clk 1:23:24]} 16. Qe1 {[%clk 0:46:14]}
Rc8 {[%clk 1:21:08]} 17. dxc5 {[%clk 0:35:49]} Ndxc5 {[%clk 1:19:56]} 18. Qxb4
{[%clk 0:30:34]} Qc7 {[%clk 1:19:17]} 19. Nc3 {[%clk 0:27:05]} a5 {[%clk
1:10:48]} 20. Qd4 {[%clk 0:26:24]} Ne6 {[%clk 1:09:39]} 21. Qd3 {[%clk
0:26:33]} Nxc3 {[%clk 1:09:18]} 22. Qxc3 {[%clk 0:23:40]} Qxc3 {[%clk 1:06:47]}
23. bxc3 {[%clk 0:24:00]} Rxc3 {[%clk 1:07:07]} 24. Rh3 {[%clk 0:23:47]} Rfc8
{[%clk 1:07:12]} 25. Bd1 {[%clk 0:20:28]} Be4 {[%clk 1:03:57]} 26. Ne1 {[%clk
0:17:56]} d5 {[%clk 1:02:57]} 27. Rhg3 {[%clk 0:16:58]} Ba3+ {[%clk 1:01:30]}
28. Kb1 {[%clk 0:15:10]} Rb8+ {[%clk 1:01:49]} 29. Ka1 {[%clk 0:15:35]} Bb2+
{[%clk 1:01:50]} 30. Kb1 {[%clk 0:16:00]} Ra3 {[%clk 1:01:47]} 31. Ba7 {[%clk
0:15:16]} Rb7 {[%clk 1:00:28]} 32. Rb3 {[%clk 0:14:45]} Raxb3 {[%clk 1:00:43]}
33. axb3 {[%clk 0:15:07]} Bc3 {[%clk 1:00:53]} 34. Be3 {[%clk 0:14:43]} Rxb3+
{[%clk 1:00:11]} 35. Ka2 {[%clk 0:14:10]} Rb2+ {[%clk 1:00:06]} 36. Ka3 {[%clk
0:13:47]} d4 {[%clk 0:58:35]} 37. Bd2 {[%clk 0:13:13]} Bd5 {[%clk 0:58:23]} 38.
Bxc3 {[%clk 0:13:01]} Ra2# {[%clk 0:58:51]} 0-1

[Event "Deutsche Ländermeisterschaft 2014"]
[Site "Hannover GER"]
[Date "2014.10.06"]
[Round "6"]
[White "Baltic, Fatih"]
[Black "Trifan, Andrei Ioan"]
[Result "1/2-1/2"]
[Termination "normal"]
[Board "1.6"]
[WhiteElo "1890"]
[BlackElo "1689"]
[WhiteClock "00:30:38"]
[BlackClock "00:30:44"]
[WhiteTeam "Nordrhein-Westfalen"]
[BlackTeam "Baden 1"]
[PlyCount "59"]
[WhiteFideId "12979090"]
[BlackFideId "12967068"]
[EventCountry "GER"]
[EventRounds "7"]
[EventType "team-swiss"]
[EventDate "2014.10.02"]

1. Nf3 {[%clk 1:30:52]} Nf6 {[%clk 1:30:42]} 2. g3 {[%clk 1:30:48]} g6 {[%clk
1:30:49]} 3. Bg2 {[%clk 1:31:01]} Bg7 {[%clk 1:31:03]} 4. O-O {[%clk 1:31:21]}
O-O {[%clk 1:31:19]} 5. d3 {[%clk 1:31:31]} d6 {[%clk 1:30:56]} 6. e4 {[%clk
1:30:51]} e5 {[%clk 1:29:12]} 7. Nbd2 {[%clk 1:29:13]} Re8 {[%clk 1:26:51]} 8.
Qe2 {[%clk 1:24:38]} Bg4 {[%clk 1:18:04]} 9. h3 {[%clk 1:23:02]} Bxf3 {[%clk
1:18:00]} 10. Nxf3 {[%clk 1:23:11]} d5 {[%clk 1:12:49]} 11. Nd2 {[%clk
1:17:18]} dxe4 {[%clk 1:10:26]} 12. Nxe4 {[%clk 1:16:40]} Nxe4 {[%clk 1:10:24]}
13. Qxe4 {[%clk 1:16:32]} c6 {[%clk 1:09:09]} 14. a4 {[%clk 1:14:55]} f5 {[%clk
1:07:12]} 15. Qc4+ {[%clk 1:15:16]} Kh8 {[%clk 1:07:21]} 16. a5 {[%clk
1:15:22]} a6 {[%clk 1:05:43]} 17. Ra3 {[%clk 1:13:52]} Nd7 {[%clk 1:02:51]} 18.
Rb3 {[%clk 1:12:00]} Rb8 {[%clk 1:02:33]} 19. Be3 {[%clk 1:10:09]} Qc7 {[%clk
0:57:40]} 20. h4 {[%clk 1:05:42]} Rf8 {[%clk 0:56:56]} 21. Qb4 {[%clk 1:05:49]}
c5 {[%clk 0:56:22]} 22. Rc3 {[%clk 0:55:50]} Rfc8 {[%clk 0:52:10]} 23. Qa4
{[%clk 0:53:27]} Qd8 {[%clk 0:47:08]} 24. Rb3 {[%clk 0:50:31]} Rc7 {[%clk
0:44:36]} 25. Qc4 {[%clk 0:45:34]} Nf6 {[%clk 0:41:02]} 26. Bg5 {[%clk
0:40:14]} Qd4 {[%clk 0:32:51]} 27. Bxf6 {[%clk 0:34:19]} Bxf6 {[%clk 0:32:41]}
28. Qe6 {[%clk 0:34:36]} e4 {[%clk 0:31:34]} 29. Rb6 {[%clk 0:32:22]} Rf8
{[%clk 0:30:44]} 30. dxe4 {[%clk 0:30:38]} 1/2-1/2

[Event "Deutsche Ländermeisterschaft 2014"]
[Site "Hannover GER"]
[Date "2014.10.06"]
[Round "6"]
[White "Mangei, Jasmin"]
[Black "Bork, Sophie"]
[Result "1-0"]
[Termination "normal"]
[Board "1.7"]
[WhiteElo "1796"]
[BlackElo "1574"]
[WhiteClock "00:04:39"]
[BlackClock "00:00:42"]
[WhiteTeam "Baden 1"]
[BlackTeam "Nordrhein-Westfalen"]
[PlyCount "71"]
[WhiteFideId "12951803"]
[BlackFideId "12905429"]
[EventCountry "GER"]
[EventRounds "7"]
[EventType "team-swiss"]
[EventDate "2014.10.02"]

1. e4 {[%clk 1:30:59]} e5 {[%clk 1:30:54]} 2. Nf3 {[%clk 1:31:26]} Nc6 {[%clk
1:31:16]} 3. Bc4 {[%clk 1:31:55]} Bc5 {[%clk 1:31:38]} 4. c3 {[%clk 1:32:21]}
Nf6 {[%clk 1:31:57]} 5. d4 {[%clk 1:32:48]} exd4 {[%clk 1:32:14]} 6. e5 {[%clk
1:33:16]} d5 {[%clk 1:32:15]} 7. Bb5 {[%clk 1:33:39]} Ne4 {[%clk 1:32:22]} 8.
cxd4 {[%clk 1:34:04]} Bb6 {[%clk 1:32:29]} 9. Nc3 {[%clk 1:34:18]} O-O {[%clk
1:29:39]} 10. Be3 {[%clk 1:34:03]} Bg4 {[%clk 1:25:09]} 11. Qc2 {[%clk
1:33:46]} Bf5 {[%clk 1:13:25]} 12. Qb3 {[%clk 1:30:42]} Nxc3 {[%clk 1:11:00]}
13. bxc3 {[%clk 1:30:12]} Na5 {[%clk 1:08:50]} 14. Qb4 {[%clk 1:24:49]} a6
{[%clk 1:07:33]} 15. Be2 {[%clk 1:23:41]} Nc6 {[%clk 1:06:13]} 16. Qb3 {[%clk
1:22:17]} Qd7 {[%clk 0:59:14]} 17. O-O {[%clk 1:18:27]} Rae8 {[%clk 0:54:36]}
18. Nh4 {[%clk 1:13:45]} Be6 {[%clk 0:51:57]} 19. Qc2 {[%clk 1:06:59]} Qd8
{[%clk 0:42:46]} 20. Nf3 {[%clk 1:04:51]} Ne7 {[%clk 0:39:19]} 21. Ng5 {[%clk
0:57:00]} Bf5 {[%clk 0:36:15]} 22. Bd3 {[%clk 0:55:57]} Bxd3 {[%clk 0:34:41]}
23. Qxd3 {[%clk 0:56:22]} Ng6 {[%clk 0:32:40]} 24. f4 {[%clk 0:52:22]} f6
{[%clk 0:23:48]} 25. exf6 {[%clk 0:39:24]} gxf6 {[%clk 0:21:08]} 26. Nf3 {[%clk
0:33:50]} Qe7 {[%clk 0:17:48]} 27. Rae1 {[%clk 0:29:17]} Qe4 {[%clk 0:17:29]}
28. Qd2 {[%clk 0:25:40]} Qf5 {[%clk 0:16:57]} 29. h3 {[%clk 0:23:37]} h5 {[%clk
0:14:33]} 30. Nh2 {[%clk 0:20:36]} Rf7 {[%clk 0:09:08]} 31. g4 {[%clk 0:15:35]}
hxg4 {[%clk 0:09:07]} 32. Nxg4 {[%clk 0:15:04]} Rh7 {[%clk 0:08:14]} 33. Qg2
{[%clk 0:14:33]} Kf7 {[%clk 0:07:58]} 34. Bc1 {[%clk 0:10:14]} Reh8 {[%clk
0:07:29]} 35. Ne5+ {[%clk 0:05:38]} Kg8 {[%clk 0:00:42]} 36. Nxg6 {[%clk
0:04:39]} 1-0

[Event "Deutsche Ländermeisterschaft 2014"]
[Site "Hannover GER"]
[Date "2014.10.06"]
[Round "6"]
[White "Paulweber, Lara Maria"]
[Black "Mütsch, Annmarie"]
[Result "0-1"]
[Termination "normal"]
[Board "1.8"]
[WhiteElo "1431"]
[BlackElo "1658"]
[WhiteClock "00:18:42"]
[BlackClock "00:37:15"]
[WhiteTeam "Nordrhein-Westfalen"]
[BlackTeam "Baden 1"]
[PlyCount "62"]
[WhiteFideId "12954411"]
[BlackFideId "12971367"]
[EventCountry "GER"]
[EventRounds "7"]
[EventType "team-swiss"]
[EventDate "2014.10.02"]

1. d4 {[%clk 1:30:57]} d5 {[%clk 1:30:54]} 2. Bf4 {[%clk 1:31:13]} e6 {[%clk
1:31:14]} 3. e3 {[%clk 1:31:23]} c5 {[%clk 1:31:31]} 4. Nf3 {[%clk 1:29:58]}
Nc6 {[%clk 1:31:47]} 5. c3 {[%clk 1:26:37]} Nf6 {[%clk 1:32:05]} 6. Nbd2 {[%clk
1:25:36]} Bd6 {[%clk 1:32:09]} 7. Bg3 {[%clk 1:24:07]} O-O {[%clk 1:32:09]} 8.
Bd3 {[%clk 1:22:03]} Re8 {[%clk 1:32:12]} 9. Ne5 {[%clk 1:19:44]} Qc7 {[%clk
1:25:48]} 10. f4 {[%clk 1:13:18]} Nd7 {[%clk 1:20:30]} 11. Bxh7+ {[%clk
1:08:04]} Kf8 {[%clk 1:18:34]} 12. Nxd7+ {[%clk 1:01:35]} Bxd7 {[%clk 1:17:45]}
13. Qh5 {[%clk 0:58:11]} Be7 {[%clk 1:10:35]} 14. Bd3 {[%clk 0:53:29]} Bf6
{[%clk 1:09:19]} 15. f5 {[%clk 0:49:26]} e5 {[%clk 1:08:30]} 16. Nf3 {[%clk
0:45:14]} Ke7 {[%clk 1:05:16]} 17. dxe5 {[%clk 0:42:59]} Nxe5 {[%clk 1:02:46]}
18. Nxe5 {[%clk 0:42:27]} Bxe5 {[%clk 1:02:34]} 19. Qg5+ {[%clk 0:40:31]} Kf8
{[%clk 0:59:12]} 20. Bxe5 {[%clk 0:33:52]} Qxe5 {[%clk 0:58:21]} 21. Kd2 {[%clk
0:31:33]} d4 {[%clk 0:51:51]} 22. Rae1 {[%clk 0:28:38]} dxc3+ {[%clk 0:47:52]}
23. bxc3 {[%clk 0:27:55]} Qd5 {[%clk 0:46:25]} 24. c4 {[%clk 0:26:38]} Qe5
{[%clk 0:45:00]} 25. Rb1 {[%clk 0:23:51]} Bc6 {[%clk 0:40:57]} 26. h4 {[%clk
0:22:19]} Be4 {[%clk 0:40:32]} 27. Bxe4 {[%clk 0:22:28]} Qxe4 {[%clk 0:41:29]}
28. Rbc1 {[%clk 0:22:02]} Rad8+ {[%clk 0:39:52]} 29. Ke2 {[%clk 0:21:33]} f6
{[%clk 0:36:57]} 30. Qg3 {[%clk 0:20:18]} Qd3+ {[%clk 0:37:01]} 31. Kf2 {[%clk
0:18:42]} Qd2+ {[%clk 0:37:15]} 0-1